[Event "Leon Blitz op 34th"]
[Site "Chess.com INT"]
[Date "2021.07.07"]
[Round "9"]
[White "Navarro Segura, Roberto"]
[Black "Filip, Lucian Ioan"]
[Result "0-1"]
[WhiteElo "2123"]
[BlackElo "2431"]
[PlyCount "80"]
[EventDate "2021.07.07"]
[EventType "swiss (blitz)"]
[EventRounds "14"]
[EventCountry "ESP"]
[SourceTitle "CBM 203 Extra"]
[Source "ChessBase"]
[SourceDate "2021.09.30"]
[SourceVersion "1"]
[SourceVersionDate "2021.09.30"]
[SourceQuality "1"]

1. e4 c5 2. Nf3 e6 3. d4 cxd4 4. Nxd4 Nc6 5. c4 Nf6 6. Nc3 Bb4 7. Nxc6 bxc6 8. Bd3 e5 9. 0-0 0-0 10. Bg5 h6 11. Bh4 Be7 12. b3 d6 13. Bg3 Bg4 14. f3 Be6 15. c5 Nh5 16. cxd6 Qxd6 17. Bf2 Nf4 18. Ba6 Qb4 19. Qc2 Bc5 20. Rad1 Rad8 21. Na4 Rxd1 22. Rxd1 Bxf2+ 23. Qxf2 Qa5 24. Bb7 Rd8 25. Rxd8+ Qxd8 26. Bxc6 Qd1+ 27. Qf1 Qd2 28. Bb5 Qxa2 29. Nc5 Bxb3 30. g3 Ne6 31. Nd7 Qb2 32. Qe2 Qd4+ 33. Kg2 a6 34. Bc6 Bc4 35. Qc2 Qd6 36. Ba4 Bb5 37. Qc8+ Kh7 38. Bxb5 axb5 39. Nb8 b4 40. Qb7 Nd4 0-1

[Event "Leon Blitz op 34th"]
[Site "Chess.com INT"]
[Date "2021.07.07"]
[Round "5"]
[White "Necula, Iulian"]
[Black "Navarro Segura, Roberto"]
[Result "0-1"]
[WhiteElo "1890"]
[BlackElo "2123"]
[PlyCount "38"]
[EventDate "2021.07.07"]
[EventType "swiss (blitz)"]
[EventRounds "14"]
[EventCountry "ESP"]
[SourceTitle "CBM 203 Extra"]
[Source "ChessBase"]
[SourceDate "2021.09.30"]
[SourceVersion "1"]
[SourceVersionDate "2021.09.30"]
[SourceQuality "1"]

1. c4 e5 2. Nc3 Nf6 3. g3 d5 4. cxd5 Nxd5 5. Bg2 Be6 6. Nf3 Nc6 7. 0-0 Be7 8. e4 Ndb4 9. a3 Nd3 10. b4 f6 11. Rb1 Qd7 12. Ne1 0-0-0 13. Nxd3 Qxd3 14. Qa4 Kb8 15. b5 Rd4 16. Qd1 Na5 17. Nd5 Bxd5 18. exd5 Qxb1 19. Qg4 Rxg4 0-1

[Event "Leon Blitz op 34th"]
[Site "Chess.com INT"]
[Date "2021.07.07"]
[Round "10"]
[White "Valle Maytin, Luis Enrique"]
[Black "Navarro Segura, Roberto"]
[Result "1-0"]
[WhiteElo "2284"]
[BlackElo "2123"]
[PlyCount "95"]
[EventDate "2021.07.07"]
[EventType "swiss (blitz)"]
[EventRounds "14"]
[EventCountry "ESP"]
[SourceTitle "CBM 203 Extra"]
[Source "ChessBase"]
[SourceDate "2021.09.30"]
[SourceVersion "1"]
[SourceVersionDate "2021.09.30"]
[SourceQuality "1"]

1. e4 e5 2. Nf3 Nc6 3. Bb5 a6 4. Ba4 Nf6 5. 0-0 Be7 6. Re1 b5 7. Bb3 d6 8. c3 Na5 9. Bc2 c5 10. d4 Qc7 11. d5 Bg4 12. a4 0-0 13. h3 Bh5 14. Nbd2 b4 15. Nf1 Rab8 16. Ng3 b3 17. Bb1 Bg6 18. Nh4 c4 19. Nhf5 Rfe8 20. Be3 Bxf5 21. Nxf5 Bf8 22. Bg5 Nd7 23. Qg4 g6 24. Bh6 Nf6 25. Qg5 Qd8 26. Bxf8 Rxf8 27. Re3 Nh5 28. Qg4 Qf6 29. Rf3 Kh8 30. Ng3 Nf4 31. Nf1 h5 32. Qd7 Rb7 33. Rxf4 Qxf4 34. Qxd6 Qg5 35. Qxf8+ Kh7 36. Ne3 Qe7 37. Qc8 Qc7 38. Qxc7 Rxc7 39. Bd3 cxd3 40. Rd1 Nc4 41. Nxc4 Rxc4 42. Rxd3 Kg7 43. d6 Rc8 44. d7 Rd8 45. c4 Kf6 46. c5 Ke7 47. c6 Ra8 48. c7 1-0

[Event "LSS No Engine Cup 181 Preliminary 0"]
[Site "LSS email"]
[Date "2018.08.20"]
[Round "?"]
[White "Navarro Segura, Roberto"]
[Black "Pech, Jaroslav Sr"]
[Result "0-1"]
[WhiteElo "1300"]
[BlackElo "1313"]
[PlyCount "28"]
[EventDate "2018.08.21"]
[EventType "tourn (corr)"]
[EventRounds "6"]
[EventCountry "GER"]
[SourceTitle "Corr 2022"]
[Source "ChessBase"]
[SourceDate "2021.10.24"]
[SourceVersion "1"]
[SourceVersionDate "2021.10.24"]
[SourceQuality "1"]

1. e4 e5 2. Nf3 Nf6 3. Nc3 Nc6 4. Bc4 Bc5 5. 0-0 d6 6. Ng5 0-0 7. d3 Bg4 8. Nf3 Nd4 9. Nb5 Nxf3+ 10. gxf3 Bh3 11. Re1 c6 12. Nc3 Nh5 13. Na4 Qf6 14. Qd2 Qxf3 0-1

[Event "LSS No Engine Cup 181 Preliminary 0"]
[Site "LSS email"]
[Date "2018.08.20"]
[Round "?"]
[White "Navarro Segura, Roberto"]
[Black "Schnoewitz, Brigitte"]
[Result "1-0"]
[WhiteElo "1300"]
[BlackElo "1337"]
[PlyCount "77"]
[EventDate "2018.08.21"]
[EventType "tourn (corr)"]
[EventRounds "6"]
[EventCountry "GER"]
[SourceTitle "Corr 2022"]
[Source "ChessBase"]
[SourceDate "2021.10.24"]
[SourceVersion "1"]
[SourceVersionDate "2021.10.24"]
[SourceQuality "1"]

1. e4 c5 2. Nf3 Nc6 3. d4 cxd4 4. Nxd4 g6 5. Nc3 a6 6. Nxc6 bxc6 7. Qd4 f6 8. Bc4 Bg7 9. 0-0 Nh6 10. f4 Nf7 11. Be3 0-0 12. Qd2 d6 13. f5 g5 14. Rad1 Kh8 15. Qf2 Rb8 16. Bb3 a5 17. Na4 c5 18. Nxc5 Ne5 19. Nd3 Ng4 20. Qe2 Nxe3 21. Qxe3 Bd7 22. Qh3 Bc6 23. Bd5 Bb5 24. c4 Ba6 25. Qe3 Qc7 26. b3 Rb6 27. Qh3 Qa7 28. Kh1 Bc8 29. Rf3 Bd7 30. g4 Rfb8 31. Qg2 Bc6 32. Rh3 Bxd5 33. exd5 Kg8 34. Qe2 Bf8 35. Qe6+ Kg7 36. Rf1 R6b7 37. Rff3 Qd4 38. Rxh7+ Kxh7 39. Qf7+ 1-0

[Event "OP-2017-0-04358"]
[Site "LSS email"]
[Date "2017.06.02"]
[Round "?"]
[White "Navarro Segura, Roberto"]
[Black "Tolnai, Rudolf"]
[Result "1-0"]
[WhiteElo "1400"]
[BlackElo "853"]
[PlyCount "63"]
[EventDate "2017.05.24"]
[EventType "tourn (corr)"]
[EventRounds "4"]
[EventCountry "GER"]
[SourceTitle "Corr 2022"]
[Source "ChessBase"]
[SourceDate "2021.10.24"]
[SourceVersion "1"]
[SourceVersionDate "2021.10.24"]
[SourceQuality "1"]

1. e4 e5 2. Nf3 Nc6 3. Bc4 h6 4. d4 exd4 5. 0-0 Bc5 6. c3 dxc3 7. Qd5 Qe7 8. Nxc3 Nf6 9. Qd1 d6 10. Re1 0-0 11. h3 Be6 12. Bxe6 fxe6 13. a3 a5 14. Be3 Bxe3 15. Rxe3 Rad8 16. Qb3 b6 17. Rd1 Kh7 18. Qc2 g6 19. e5 dxe5 20. Nxe5 Rxd1+ 21. Nxd1 Nxe5 22. Rxe5 Nd5 23. Qe4 Rf6 24. Rxd5 h5 25. Rxh5+ Kg7 26. Rg5 Qf7 27. Qe5 Kh7 28. Qg3 Kh6 29. Qh4+ Kg7 30. Ne3 Rf4 31. Qg3 Qf6 32. h4 1-0

[Event "LSS No Engine Cup 166 Preliminary 0"]
[Site "LSS email"]
[Date "2017.01.30"]
[Round "?"]
[White "Dogan, Ahmet"]
[Black "Navarro Segura, Roberto"]
[Result "1-0"]
[WhiteElo "1946"]
[BlackElo "1376"]
[PlyCount "71"]
[EventDate "2017.01.31"]
[EventType "tourn (corr)"]
[EventRounds "6"]
[EventCountry "GER"]
[SourceTitle "Corr 2022"]
[Source "ChessBase"]
[SourceDate "2021.10.24"]
[SourceVersion "1"]
[SourceVersionDate "2021.10.24"]
[SourceQuality "1"]

1. Nf3 Nf6 2. d4 c5 3. e3 Nc6 4. d5 Nb4 5. Nc3 d6 6. a3 Na6 7. e4 g6 8. Bc4 Bg7 9. 0-0 0-0 10. h3 Bd7 11. e5 dxe5 12. Nxe5 Ne8 13. Re1 Bxe5 14. Rxe5 Nd6 15. Bf1 f6 16. Re1 Nc7 17. Be3 b6 18. b4 cxb4 19. axb4 Nf5 20. Bf4 Be8 21. Bd3 Nd6 22. Qe2 Rf7 23. Qd2 g5 24. Bg3 Rg7 25. Ne2 h6 26. c4 Bg6 27. Bxg6 Rxg6 28. Qd3 Rg7 29. Nd4 a6 30. Rad1 Qd7 31. c5 bxc5 32. bxc5 Ndb5 33. Nf5 Rh7 34. Bxc7 Qxc7 35. d6 exd6 36. Qd5+ 1-0

[Event "LSS No Engine Cup 166 Preliminary 0"]
[Site "LSS email"]
[Date "2017.01.30"]
[Round "?"]
[White "Navarro Segura, Roberto"]
[Black "Garcia, Javier"]
[Result "1/2-1/2"]
[WhiteElo "1376"]
[BlackElo "1015"]
[PlyCount "45"]
[EventDate "2017.01.31"]
[EventType "tourn (corr)"]
[EventRounds "6"]
[EventCountry "GER"]
[SourceTitle "Corr 2022"]
[Source "ChessBase"]
[SourceDate "2021.10.24"]
[SourceVersion "1"]
[SourceVersionDate "2021.10.24"]
[SourceQuality "1"]

1. e4 c5 2. Nf3 d6 3. Bb5+ Bd7 4. Nc3 Nf6 5. e5 Bxb5 6. Nxb5 dxe5 7. Nxe5 a6 8. Nc3 Nbd7 9. Nxd7 Qxd7 10. 0-0 g6 11. d3 Bg7 12. h3 0-0 13. Be3 b6 14. Qe2 Rad8 15. Rad1 Nd5 16. Nxd5 Qxd5 17. b3 e6 18. f4 Qf5 19. g4 Qd5 20. Qf3 Qxf3 21. Rxf3 Bd4 22. Bxd4 Rxd4 23. Rdf1 1/2-1/2

[Event "OP-2016-0-04129"]
[Site "LSS email"]
[Date "2016.08.18"]
[Round "?"]
[White "Navarro Segura, Roberto"]
[Black "Ducharme, Steven"]
[Result "1-0"]
[WhiteElo "1430"]
[BlackElo "923"]
[PlyCount "73"]
[EventDate "2016.08.13"]
[EventType "tourn (corr)"]
[EventRounds "4"]
[EventCountry "GER"]
[SourceTitle "Corr 2022"]
[Source "ChessBase"]
[SourceDate "2021.10.24"]
[SourceVersion "1"]
[SourceVersionDate "2021.10.24"]
[SourceQuality "1"]

1. e4 c5 2. Nf3 e6 3. d4 cxd4 4. Nxd4 a6 5. Nc3 d6 6. Be2 Nc6 7. Nxc6 bxc6 8. 0-0 Rb8 9. f4 Bb7 10. Rb1 Qb6+ 11. Kh1 Nf6 12. b3 Be7 13. Bb2 0-0 14. Bd3 Ba8 15. e5 dxe5 16. fxe5 Nd5 17. Nxd5 cxd5 18. Qh5 g6 19. Qh6 Qd8 20. Bc1 Rb4 21. Qh3 Rh4 22. Qg3 Qc8 23. Ba3 Qd7 24. Bxa6 Bc6 25. Bd3 Ra8 26. Bxe7 Qxe7 27. a4 Rb4 28. Rbe1 Kg7 29. Rf6 Be8 30. Ref1 Rc8 31. R1f3 Re4 32. Bxe4 dxe4 33. Rf2 Rd8 34. h4 Rd1+ 35. Kh2 Qb4 36. Qf4 Rd7 37. h5 1-0

[Event "OP-2016-0-04129"]
[Site "LSS email"]
[Date "2016.08.18"]
[Round "?"]
[White "Osipov, Anatoly Vladimirovi"]
[Black "Navarro Segura, Roberto"]
[Result "1-0"]
[WhiteElo "2322"]
[BlackElo "1430"]
[PlyCount "47"]
[EventDate "2016.08.13"]
[EventType "tourn (corr)"]
[EventRounds "4"]
[EventCountry "GER"]
[SourceTitle "Corr 2022"]
[Source "ChessBase"]
[SourceDate "2021.10.24"]
[SourceVersion "1"]
[SourceVersionDate "2021.10.24"]
[SourceQuality "1"]

1. e4 c6 2. d4 d5 3. e5 Bf5 4. c3 e6 5. Be3 Be7 6. Nd2 Bg5 7. Bxg5 Qxg5 8. h4 Qg4 9. Qxg4 Bxg4 10. f3 Bf5 11. g4 Ne7 12. gxf5 Nxf5 13. Kf2 Nd7 14. Bd3 g6 15. h5 Ke7 16. Ne2 Rag8 17. Rag1 Nf8 18. c4 Kd7 19. cxd5 exd5 20. hxg6 fxg6 21. Bxf5+ gxf5 22. Rxg8 Rxg8 23. Nf1 a5 24. Ne3 1-0